El nuevo reino de Granada y sus provincias : (Registro nro. 6283)

Detalles MARC
000 -LEADER
fixed length control field 01647nam a2200313Ia 4500
003 - CONTROL NUMBER IDENTIFIER
control field OSt
005 - DATE AND TIME OF LATEST TRANSACTION
control field 20201019124722.0
008 - FIXED-LENGTH DATA ELEMENTS--GENERAL INFORMATION
fixed length control field 191128s2009 ck gr 000 0dspa d
020 ## - INTERNATIONAL STANDARD BOOK NUMBER
International Standard Book Number 9789587380057
040 ## - CATALOGING SOURCE
Original cataloging agency CO-JMCR
Transcribing agency CO-JMCR
041 0# - LANGUAGE CODE
Language code of text/sound track or separate title spa
082 04 - DEWEY DECIMAL CLASSIFICATION NUMBER
Classification number 986.105 /
Item number R175n
Edition number 23
100 1# - MAIN ENTRY--PERSONAL NAME
Personal name Ramos, Aristides,
Relator term editor
9 (RLIN) 11105
245 13 - TITLE STATEMENT
Title El nuevo reino de Granada y sus provincias :
Remainder of title crisis de la independencia y experiencias republicanas /
Statement of responsibility, etc. Aristides Ramos, Óscar Saldarriaga y Radamiro Gaviria, editores académicos
250 ## - EDITION STATEMENT
Edition statement Primera edición
260 ## - PUBLICATION, DISTRIBUTION, ETC.
Place of publication, distribution, etc. Bogotá :
Name of publisher, distributor, etc. Universidad del Rosario,
Date of publication, distribution, etc. ©2009
300 ## - PHYSICAL DESCRIPTION
Extent 230 páginas ;
Dimensions 24 cm.
490 0# - SERIES STATEMENT
Series statement Texto de ciencias humanas
500 ## - GENERAL NOTE
General note Incluye notas a pie de página y datos biográficos de los editores.
504 ## - BIBLIOGRAPHY, ETC. NOTE
Bibliography, etc. note Referencias bibliográficas al final de cada capítulo.
505 0# - FORMATTED CONTENTS NOTE
Title Criollos configuración de una mentalidad /
Statement of responsibility Ramos Peñuela, Aristides
Title La ilusión borbónica sociedad y discurso reformista /
Statement of responsibility Alzate Echeverri, Adriana María
Title La eclosión juntera en el Nuevo Reino de Granada /
Uniform Resource Identifier <a href="Martínez Garnica, Armando">Martínez Garnica, Armando</a>
520 3# - SUMMARY, ETC.
Summary, etc. El acercamiento al ejercicio de Nación y Estado a partir de lecturas desde ámbitos diversos, como la educación, la económia, los postulados democráticos, las formas culturales, la dirección política
650 14 - SUBJECT ADDED ENTRY--TOPICAL TERM
Topical term or geographic name entry element Vida social y costumbres
Chronological subdivision Siglo XIX, 1810-1819
9 (RLIN) 11106
651 #4 - SUBJECT ADDED ENTRY--GEOGRAPHIC NAME
Geographic name Colombia
General subdivision historia
Chronological subdivision 1810-2010
9 (RLIN) 11684
651 #4 - SUBJECT ADDED ENTRY--GEOGRAPHIC NAME
Geographic name Colombia
General subdivision vida social y costumbres
9 (RLIN) 11685
700 1# - ADDED ENTRY--PERSONAL NAME
Personal name Saldarriaga, Oscar,
Relator term editor
9 (RLIN) 11107
700 1# - ADDED ENTRY--PERSONAL NAME
Personal name Gaviria, Radamiro,
Relator term editor
9 (RLIN) 11108
942 ## - ADDED ENTRY ELEMENTS (KOHA)
Source of classification or shelving scheme Dewey Decimal Classification
Koha item type Books
Existencias
Withdrawn status Lost status Source of classification or shelving scheme Damaged status Not for loan Collection code Home library Current library Date acquired Source of acquisition Full call number Barcode Date last seen Copy number Koha item type
    Dewey Decimal Classification     Non-fiction Biblioteca Pública José María del Castillo y Rada Biblioteca Pública José María del Castillo y Rada 04/15/2018 Donación 986.105 / R175n 430012311 05/16/2024 Ej.1 Books